000 00267nam a2200109Ia 4500
008 220204s9999 xx 000 0 und d
082 _a82-3MB
_bWIN
100 _aWinspear, Violet
245 0 _aLove is the honey
260 _aLondon
_bMills and Boon
_c1979
942 _cBK
999 _c35695
_d35695